000 00353nam a2200133Ia 4500
008 230312s9999||||xx |||||||||||||| ||und||
020 _a9780538475396
082 _a005.5
_bPAS-M
100 _aBeskeen
245 0 _aMicrosoft Office 365 : Office 2019. Introductory
260 _bCengage
_aUSA
_c2011
650 _aComputer
_vMicrosoft Office
942 _cBK
999 _c17444
_d17444